LEADER 00882nam a2200205 4500 001 000000362298 003 CaOOAMICUS 005 20250325152057.0 008 250325s1932 it 000 u ita r 040 $aSeMil$bita 100 1 $aBallarini, Teodorico.$0(OLS)http://semarc/name/5243 245 10$aA proposito di Paolinismo e di Orfismo /$cP. Teodorico. 264 1$aMilano :$bTipografia Pontificia ed Arcivescovile San Giuseppe,$c1932. 300 $a25 p. ;$c25 cm 500 $aEstratto da: La Scuola Cattolica, novembre 1932 850 $aSeMil 852 $aSeMil$W1$xVenegono$y1$m5A VIII 5/17$j255451$B253217$CSeMilBibl$Z2$F253217 $86 996 $6245$aA proposito di Paolinismo e di Orfismo$9(OLS)http://semarc/title/453185 996 $6264$aMilano :$bTipografia Pontificia ed Arcivescovile San Giuseppe$9(OLS)http://semarc/publisher/35713 LEADER 00639naa a2200157 i 4500 001 000000297102 003 CaOOAMICUS 005 20180831172558.0 008 180831n xx u000 u und u 013 $a4615 040 $aSeMil$bita 100 1 $aBellinati, Claudio,$d<1945- >.$0(OLS)http://semarc/name/5439 245 13$aLa casa canonicale di Francesco Petrarca a Padova :$bubicazione e vicende. 600 14$aPetrarca, Francesco <1304-1374>.$0(OLS)http://semarc/subject/1171 773 0 $t1.$kAccademia mariana salesiana$w()57078 996 $6245$aLa casa canonicale di Francesco Petrarca a Padova :$bubicazione e vicende$9(OLS)http://semarc/title/373141